000 00756nam a2200265Ia 4500
001 dia_294
003 CHAP
005 20230116105919.0
008 220117s1992 xx 000 0 und d
010 _a170847
020 _a0-442-00459-1
040 _cCHAP
082 _a658.562 m4
100 _aMuñoz, Alejandra M.
_9148069
245 _aSensory Evaluation in Quality Control /
_c by Alejandra M. Muñoz
260 _aNew Yok, Usa :
_b Avi,
_c1992
300 _a240 p.
503 _aC.1 i.189289; c.2 Fotocopia
650 _a1.Evaluación Sensorial
_9148070
650 _aCalidad, Control De
_9147168
901 _a658.562 M4
902 _aM
905 _a0000001992 -usX 0000000000eng00
942 _cLIBRO
_2ddc
999 _c170847
_d170847